| 000 | 01004cam a2200289 a 4500 | ||
|---|---|---|---|
| 999 |
_c25783 _d25783 |
||
| 001 | 2903420 | ||
| 003 | OSt | ||
| 005 | 20170201111139.0 | ||
| 008 | 871020s1988 ilua 001 0 eng | ||
| 010 | _a 87182977 | ||
| 020 | _a0673224228 | ||
| 040 |
_aDLC _cDLC _dDLC |
||
| 043 | _an-us-tx | ||
| 050 | 0 | 0 |
_aHB171.5 _b.W743 1988 |
| 082 | 0 | 0 |
_a330 _219 |
| 100 | 1 | _aWolken, Lawrence C. | |
| 245 | 1 | 0 |
_aInvitation to economics / _cauthors, Lawrence Wolken, Janet Glocker ; contributing authors, Gary Capurro, Herbert M. Levine. |
| 250 | _aTeacher's annotated ed., 3rd ed., Texas ed. complete with Texas essential elements. | ||
| 260 |
_aGlenview, Ill. : _bScott, Foresman, _cc1988. |
||
| 300 |
_a128, xix, 2-590 p. : _bill. (some col.) ; _c24 cm. |
||
| 500 | _aIncludes index. | ||
| 650 | 0 | _aEconomics. | |
| 651 | 0 |
_aTexas _xEconomic conditions. |
|
| 700 | 1 | _aGlocker, Janet. | |
| 906 |
_a7 _bcbc _corignew _d2 _encip _f19 _gy-gencatlg |
||
| 942 |
_2lcc _cBOOKS _hHB 171.5 .W65 1988 |
||